Which City in Mexico? - Statistics

General Stats
  • This quiz has been taken 606 times
  • The average score is 15 of 20
Answer Stats
Clue Letter City % Correct
Capital of Mexico M Mexico City
100%
City south of San Diego that is world's most murderous city per-capita T Tijuana
94%
Located across to El Paso J Juárez
93%
Home to the easternmost point of mainland Mexico C Cancún
90%
Namesake of Mexico's most popular dog breed C Chihuahua
86%
It's not the capital of Bolivia, but its is Baja California Sur's L La Paz
86%
Second most productive in Mexico, "The Industrial Capital of Mexico" M Monterrey
84%
Where tequila originated G Guadalajara
82%
Its "La Quebrada" area is known for cliff divers A Acapulco
78%
Namesake of a state in southwestern Mexico that is famous for mole sauce O Oaxaca
77%
This state capital is named after Mexico's first President, not the Queen of the United Kingdom V Victoria
77%
Most populous city on the Yucatán Peninsula M Mérida
74%
Considered the oldest continually inhabited city in Mexico P Puebla
71%
The southernmost point of Baja California C Cabo San Lucas
70%
Northernmost major city in Mexico - adjacent to Calexico M Mexicali
64%
Popular seaside resort located 196 km west of the above, with initials PV P Puerto Vallarta
62%
Guanajuato's most populous city, namesake of a city in northwestern Spain L León
60%
Capital of the most populous state of Mexico (named "Mexico") T Toluca
48%
Where the "Sinaloa Cartel", Mexico's largest cartel, was founded and is based C Culiacán
39%
Capital of the state of Veracruz X Xalapa
37%
No matching quizzes found
Score Distribution
Percent of People with Each Score
Percentile by Number Answered
Your Score History
You have not taken this quiz